Dějiny Íránu : říše ducha - od Zarathuštry po současnost /

Hlavní autor: Axworthy, Michael, 1962-
Další autoři: Kříhová, Zuzana, 1980-, Marek, Jan, 1931-2022
Jazyk: Čeština
Vydáno: Praha : NLN, Nakladatelství Lidové noviny, 2014
Vydání: Vyd. 2.
Edice: Dějiny států
Témata:
Externí odkaz: Digitalizovaný dokument
Fyzický popis: 319 s. : il., mapy, portréty ; 22 cm
Knihy
Uloženo v:
LEADER 02169nam a2200517 a 4500
001 nkc20142639184
003 CZ PrNK
005 20221017095445.0
007 ta
008 141120s2014 xr abc e 001 0 cze
015 |a cnb002639184 
020 |a 978-80-7422-352-5  |q (váz.) :  |c Kč 379,00 
035 |a (OCoLC)908820820 
040 |a BOA001  |b cze  |d ABA001 
041 1 |a cze  |h eng 
043 |a a-ir--- 
072 7 |a 94(55)  |x Dějiny Íránu  |2 Konspekt  |9 8 
080 |a 94(55)  |2 MRF 
080 |a (048.8)  |2 MRF 
100 1 |a Axworthy, Michael,  |d 1962-  |7 xx0098981  |4 aut 
245 1 0 |a Dějiny Íránu :  |b říše ducha - od Zarathuštry po současnost /  |c Michael Axworthy ; [z anglického originálu ... přeložili a dodatky opatřili Zuzana Kříhová a Jan Marek ; kapitolu Česko-íránské vztahy napsala Zuzana Kříhová] 
250 |a Vyd. 2. 
260 |a Praha :  |b NLN, Nakladatelství Lidové noviny,  |c 2014 
300 |a 319 s. :  |b il., mapy, portréty ;  |c 22 cm 
490 1 |a Dějiny států 
500 |a Chronologické přehledy 
504 |a Obsahuje bibliografie, bibliografické odkazy a rejstřík 
651 7 |a Írán  |7 ge131735  |x dějiny  |2 czenas 
651 9 |a Iran  |x history  |2 eczenas 
655 7 |a přehledy  |7 fd133202  |2 czenas 
655 7 |a monografie  |7 fd132842  |2 czenas 
655 9 |a surveys  |2 eczenas 
655 9 |a monographs  |2 eczenas 
765 0 |t Iran  |9 Česky 
700 1 |a Kříhová, Zuzana,  |d 1980-  |7 js20080620002  |4 aut  |4 trl 
700 1 |a Marek, Jan,  |d 1931-2022  |7 jk01080115  |4 trl  |4 wfw 
830 0 |a Dějiny států  |0 s 
856 4 1 |u https://www.digitalniknihovna.cz/mzk/uuid/uuid:1d1935d0-e51a-11e5-bdc9-005056827e52  |y Digitalizovaný dokument  |x NDK 
910 2 |a BOA001  |b 2-1339.011 
928 9 |a Nakladatelství Lidové noviny 
990 |a BK 
995 |a 01 
991 |b 201501  |c NOV  |e n 
996 6 |b 2610616213  |c 2-1339.011  |l MZK  |r Sklad / do 1 hodiny  |n 1  |p p.v.  |w 001478579  |u 000010  |a 1  |e BOA001  |j MZK50  |s P 
996 7 |b 2610629126  |c 2-1339.011  |l Vol.výběr  |r VV 1p  |n 28  |p kup  |h 94(5/9) DĚJ  |w 001478579  |u 000020  |a 0  |e BOA001  |j MZK50  |s A 
996 6 |b 2610687401  |c 2-1339.011  |l MZK  |r HSS 5p  |n 0  |p kup  |h 94(5/9) DĚJ  |w 001478579  |u 000030  |a 0  |e BOA001  |j MZK50  |s P